| Tag |
First Indicator |
Second Indicator |
Subfields |
| LEADER |
00000nam a2200000 a 4500 |
| 001 |
in00004563621 |
| 006 |
m||||||||d|||||||| |
| 007 |
cr ||||||||||| |
| 008 |
120126s1969 enk fo| 100|0|eng|d |
| 005 |
20241017192105.6 |
| 020 |
|
|
|a 9780727744722 (ebook) :
|c No price
|
| 035 |
|
|
|a (StDuBDS)EDZ0000055179
|
| 040 |
|
|
|a StDuBDS
|b eng
|c StDuBDS
|e pn
|
| 050 |
|
4 |
|a TK1078
|
| 082 |
0 |
4 |
|a 621.4835
|2 23
|
| 245 |
0 |
0 |
|a British Nuclear Energy Society symposium on safety and siting :
|b 28 March 1969.
|
| 246 |
3 |
0 |
|a Symposium on safety and siting
|
| 246 |
3 |
0 |
|a Safety and siting
|
| 260 |
|
|
|a London :
|b Institution of Civil Engineers,
|c 1969.
|
| 300 |
|
|
|a 1 online resource (136 pages)
|
| 336 |
|
|
|a text
|b txt
|2 rdacontent
|
| 337 |
|
|
|a computer
|b c
|2 rdamedia
|
| 338 |
|
|
|a online resource
|b cr
|2 rdacarrier
|
| 520 |
8 |
|
|a Proceedings of a symposium held on 28 March 1969.
|
| 521 |
|
|
|a Specialized.
|
| 530 |
|
|
|a Also issued in print format.
|
| 588 |
|
|
|a Description based on online resource; title from PDF title page (ICE Publishing, viewed on Jan. 26, 2012).
|
| 650 |
|
0 |
|a Nuclear power plants
|x Location
|v Congresses.
|
| 650 |
|
0 |
|a Nuclear power plants
|x Safety measures
|v Congresses.
|
| 655 |
|
7 |
|a Electronic books.
|2 local
|
| 710 |
2 |
|
|a British Nuclear Energy Society.
|
| 856 |
4 |
0 |
|u http://proxy.library.tamu.edu/login?url=https://www.icevirtuallibrary.com/doi/book/10.1680/sosas.44722
|z Connect to the full text of this electronic book
|t 0
|
| 955 |
|
|
|a Institution of Civil Engineers (ICE) 2021 Complete eBook Collection.
|
| 999 |
f |
f |
|s 532de84d-01cf-4c86-af10-861a597ed36a
|i 532de84d-01cf-4c86-af10-861a597ed36a
|t 0
|
| 952 |
f |
f |
|a Texas A&M University
|b College Station
|c Electronic Resources
|d Available Online
|t 0
|e TK1078
|h Library of Congress classification
|
| 998 |
f |
f |
|a TK1078
|t 0
|l Available Online
|